|
|
|
|
| LEADER |
00891nam a22002172a 4500 |
| 001 |
000321748 |
| 003 |
CZ BrMZK |
| 005 |
20131022141554.0 |
| 007 |
ta |
| 008 |
980107s1966 xo f slo d |
| 040 |
|
|
|a BOA001
|b cze
|
| 100 |
1 |
|
|a Krajčovič, Rudolf,
|d 1927-2014
|7 mzk2002142213
|4 aut
|
| 245 |
1 |
0 |
|a Technika jazykovej interpretácie so zameraním na vývin slovenského jazyka :
|b vysokoškolská príručka pre posluchačov FFUK a PI /
|c Rudolf Krajčovič
|
| 250 |
|
|
|a 1. vyd.
|
| 260 |
|
|
|a Bratislava :
|b Slovenské pedagogické nakladateľstvo,
|c 1966
|
| 300 |
|
|
|a 210 s.
|
| 910 |
|
|
|a BOA001
|b 2-0554.669
|b PK-0042.632
|
| 964 |
|
|
|a Slovenština - texty - rozbory - školy vysoké
|
| 990 |
|
|
|a BK
|
| 996 |
7 |
|
|b 2619027290
|c 2-0554.669
|l HP2
|r DEN
|n 0
|w 000321748
|u 000020
|a 1
|e BOA001
|j MZK50
|s A
|
| 996 |
7 |
|
|b 3119927203
|c PK-0042.632
|l MZK
|r Sklad / do 1 hodiny
|n 1
|w 000321748
|u 000010
|a 1
|e BOA001
|j MZK50
|s A
|